| 000 | 00537nam a2200157 i 4500 | ||
|---|---|---|---|
| 001 | 155516 | ||
| 003 | ES-MaACL | ||
| 005 | 20230906210117.0 | ||
| 008 | 010116s1891 sp |||| | spa d | ||
| 040 |
_aCAM _bspa _cCAM |
||
| 100 | 1 |
_aHoffmeyer, A. _9128014 |
|
| 245 | 1 | 0 |
_aMadrileñerías / _cpor A. Hoffmeyer. |
| 260 |
_aMadrid : _b[s.n.], _c1891 ( _fEstablecimiento tipográfico de Ricardo Fé) |
||
| 300 |
_a55 p. ; _c18 cm. |
||
| 852 |
_aES-MaACL _jT-584-F-1 _z-- Enc. hol., conservando la cub. original _z-- Enc. en un vol. facticio |
||
| 999 |
_c155516 _d155516 |
||